书目信息 |
| 题名: |
教你做一名优秀的会计
|
|
| 作者: | 玉卓 主编 | |
| 分册: | ||
| 出版信息: | 北京 北京工业大学出版社 2010.02 |
|
| 页数: | 237页 | |
| 开本: | 24cm | |
| 丛书名: | ||
| 单 册: | ||
| 中图分类: | F230 | |
| 科图分类: | ||
| 主题词: | 会计学--kuai ji xue--基本知识 | |
| 电子资源: | ||
| ISBN: | 978-7-5639-2214-7 | |
| 000 | 00934nam0 2200229 450 | |
| 001 | 012010589124 | |
| 005 | 20101104144434.01 | |
| 010 | @a978-7-5639-2214-7@dCNY30.00 | |
| 100 | @a20101104d2010 em y0chiy0120 ea | |
| 101 | 0 | @achi |
| 102 | @aCN@b110000 | |
| 105 | @ay z 000yy | |
| 106 | @ar | |
| 200 | 1 | @a教你做一名优秀的会计@Ajiao ni zuo yi ming you xiu de kuai ji@e最新版@f玉卓主编@Fyu zhuo zhu bian |
| 210 | @a北京@c北京工业大学出版社@d2010.02 | |
| 215 | @a237页@d24cm | |
| 330 | @a本书内容简介:会计作为一项独立的管理活动,是企业经济管理的重要组成部分,在企业经营过程中发挥着不可或缺的作用;会计作为一个专业性较强的职业,无论是对专业技能还是对职业道德都有着很高的要求。会计人员必须了解和掌握会计工作的特点、职能等基础知识,这是做好会计工作的前提条件。 | |
| 606 | 0 | @a会计学@Akuai ji xue@x基本知识 |
| 690 | @aF230@v4 | |
| 701 | 0 | @a玉卓@Ayu zhuo@4主编 |
| 801 | 0 | @aCN@bQSSK@c20101104 |
| 905 | @b787199-201@dF230@eY839@f3 | |
| 教你做一名优秀的会计:最新版/玉卓主编.-北京:北京工业大学出版社,2010.02 |
| 237页;24cm |
| ISBN 978-7-5639-2214-7:CNY30.00 |
| 本书内容简介:会计作为一项独立的管理活动,是企业经济管理的重要组成部分,在企业经营过程中发挥着不可或缺的作用;会计作为一个专业性较强的职业,无论是对专业技能还是对职业道德都有着很高的要求。会计人员必须了解和掌握会计工作的特点、职能等基础知识,这是做好会计工作的前提条件。 |
| ● |
| 相关链接 |
|
|
|
正题名:教你做一名优秀的会计
索取号:F230/Y839
 
预约/预借
| 序号 | 登录号 | 条形码 | 馆藏地/架位号 | 状态 | 备注 |
| 1 | 787199 | 207871999 | 社科库409/409社科库 75排3列3层/ [索取号:F230/Y839] | 在馆 | |
| 2 | 787200 | 207872006 | 社科库409/409社科库 75排3列3层/ [索取号:F230/Y839] | 在馆 | |
| 3 | 787201 | 207872015 | 社科库409/409社科库 75排3列3层/ [索取号:F230/Y839] | 在馆 |